Human personality in ancient Indian thought / (Record no. 134965)

MARC details
000 -LEADER
fixed length control field 00821nam a22002657a 4500
003 - CONTROL NUMBER IDENTIFIER
control field dpl
005 - DATE AND TIME OF LATEST TRANSACTION
control field 20170124110237.0
008 - FIXED-LENGTH DATA ELEMENTS--GENERAL INFORMATION
fixed length control field 161212b xxu||||| |||| 00| 0 eng d
010 ## - LIBRARY OF CONGRESS CONTROL NUMBER
LC control number B-058652
020 ## - INTERNATIONAL STANDARD BOOK NUMBER
Terms of availability 00.00
International Standard Book Number 817391401X
035 ## - SYSTEM CONTROL NUMBER
System control number B-058652
037 ## - SOURCE OF ACQUISITION
Source of stock number/acquisition Cen Lib/Ret
040 ## - CATALOGING SOURCE
Original cataloging agency DPL
Language of cataloging EN
Transcribing agency TIT
082 ## - DEWEY DECIMAL CLASSIFICATION NUMBER
Classification number 155.2
Item number SHA
100 ## - MAIN ENTRY--PERSONAL NAME
Personal name Sharma, R.P.
9 (RLIN) 42316
245 ## - TITLE STATEMENT
Title Human personality in ancient Indian thought /
Statement of responsibility, etc by R.P.Sharma
246 ## - VARYING FORM OF TITLE
Remainder of title
260 ## - PUBLICATION, DISTRIBUTION, ETC. (IMPRINT)
Name of publisher, distributor, etc Kanishka Publishers
Date of publication, distribution, etc 2001
Place of publication, distribution, etc New Delhi
270 ## - ADDRESS
Address 4697/5-21A, Ansari Road, Daryaganj
City New Delhi
Postal code 110002
300 ## - PHYSICAL DESCRIPTION
Extent xiv,136p.
Dimensions 20cm(Hb)
500 ## - GENERAL NOTE
General note Includes bibliographical references
650 ## - SUBJECT ADDED ENTRY--TOPICAL TERM
Topical term or geographic name as entry element Personality (Theory of knowledge)
9 (RLIN) 42317
650 ## - SUBJECT ADDED ENTRY--TOPICAL TERM
Topical term or geographic name as entry element Hindu philosophy
9 (RLIN) 42318
942 ## - ADDED ENTRY ELEMENTS (KOHA)
Source of classification or shelving scheme Dewey Decimal Classification
Koha item type English Books
Classification part 155.2
Call number suffix SHA
Holdings
Withdrawn status Lost status Source of classification or shelving scheme Damaged status Not for loan Home library Current library Date acquired Source of acquisition Cost, normal purchase price Total Checkouts Total Renewals Full call number Barcode Date last seen Date checked out Copy number Cost, replacement price Price effective from Koha item type
    Dewey Decimal Classification     Central Library Central Library 01/08/2015 Cen Lib/Ret 0.00 2 2 155.2 SHA B-058652 01/10/2025 22/08/2025 1 0.00 01/08/2015 English Books

© Delhi Public Library
Hit Counter
free hit counter